Tracé de Mario Kart 8 Deluxe (+DLC) - Statistiques

Statistiques générales
  • Ce quiz a été pris 28 fois
  • Le résultat moyen est 51 sur 96
Statistiques - réponses
Par images Réponse % Correct
GCN Parc Baby
78%
Wii Gorge Champignon
72%
Arène d'Excitebike
67%
Big Blue
67%
Circuit Mario
67%
Course à la Propreté
67%
DS Horloge Tic Tac
67%
DS Jardin Peach
67%
GCN Circuit Yoshi
67%
N64 Désert Kalimari
67%
SNES Route Arc-en-ciel
67%
Wii Circuit Daisy
67%
Wii Route Arc-en-ciel
67%
Wii Supermarché Coco
67%
3DS Forêt Tropicale DK
61%
3DS Piste Musicale
61%
Cité Sorbet
61%
Club Mario
61%
Descente Givrée
61%
DS Flipper Waluigi
61%
GCN Désert Sec Sec
61%
GCN Montagne DK
61%
GCN Paquebot Daisy
61%
Lagon Tourbillon
61%
N64 Autoroute Toad
61%
N64 Route Arc-en-ciel
61%
N64 Vallée Yoshi
61%
SNES Circuit Mario 3
61%
Wii Bois Vermeil
61%
3DS Égout Piranha
56%
3DS Mont Éboulis
56%
Champidrome
56%
Château de Bowser
56%
DS Corniche Champignon
56%
GBA Jardin Volant
56%
GBA Pays Crepuscule
56%
GCN Stade Waluigi
56%
Metro Turbo
56%
Piste aux délices
56%
SNES Château de Bowser 3
56%
Station Glagla
56%
Temple Thwomp
56%
Tour Poursuite à Singapour
56%
Tour Promenade à Paris
56%
Tour Traversée de Tokyo
56%
Wii Pic DK
56%
Wii Prairie Meuh Meuh
56%
3DS Circuit Toad
50%
Aéroport Azur
50%
Dojo Ninja
50%
DS Stade Wario
50%
GBA Circuit Mario
50%
GBA Lac Boo
50%
GBA Pays Neigeux
50%
GBA Route Ruban
50%
N64 Autodrome Royal
50%
Parc Glougloop
50%
Promenade Toad
50%
Route du Dragon
50%
Ruines Plante Piranha
50%
SNES Plaine Donut 3
50%
Tour Balade Berlinoise
50%
Tour Bousculade à Bangkok
50%
Tour Roma Romantica
50%
Voie Céleste
50%
Wii Mine Wario
50%
Wii Route Claire de Lune
50%
3DS Koopapolis
44%
3DS Monde Glacée d'Harmonie
44%
3DS Route Arc-en-ciel
44%
Animal Crossing
44%
Cascade Maskass
44%
Circuit d'Hyrule
44%
Désert Toussec
44%
DS Circuit Mario
44%
GBA Pays Fromage
44%
GBA Riverside Park
44%
GCN Royaume Sorbet
44%
Île de Yoshi
44%
Manoir Trempé
44%
Mont Festif
44%
N64 Montagne Choco
44%
Passage Feuillage
44%
Route Arc-en-ciel
44%
Tour Détour à Londres
44%
Tour Méandres Madrilènes
44%
Tour Virages à Vancouver
44%
Tour Virée à Amsterdam
44%
Wii Volcan Grondant
44%
DS Plage Cheep Cheep
39%
Mute City
39%
Tour Athènes Antiques
39%
Tour Escapade New Yorkaise
39%
Tour Road Trip à Los Angeles
39%
Tour Sprint à Sydney
39%
Wii Cap Koopa
39%
Aucun quiz correspondant
Distribution des résultats
% des personnes avec chaque résultat
Percentile par nombre de réponses
Votre historique - résultats
Vous n’avez pas pris ce quiz